000 006200000a22001570004500
008 110120t xxu||||| |||| 00| 0 eng d
082 _a27264
090 _c33712
_d33711
100 _aBugembe, Anne Namagembe
_959283
245 _aThe role and impact of women entrepreneurs in economic development :
_bMawaanda rural women developmen association /
_cBugembe Anne Namagembe
260 _aNkozi :
_bUganda Martyrs University,
_c2003
300 _aiii, 67 p. ;
_c30 cm.
500 _aBachelor of Business administration and management
650 _aWomen entrepreneurs - economic development
_959284
942 _cDISS
_2ddc
999 _c33712
_d33711